000 00452nam a22001697a 4500
005 20251108172512.0
008 250721s9999 xx 000 0 ara d
082 1 4 _a813.9/راغ
100 1 _aراغب، نبيل
245 1 0 _aفن التأليف الروائي /
264 1 _aالقاهرة :
_bمكتبة مصر،
300 _a104ص
650 1 7 _aالقصص العربية
650 1 7 _aالتأليف
942 _2ddc
_cBK
999 _c80979
_d80979